[Event "IECC CL2-2004.26 email"]
[Site "IECC email"]
[Date "2004.08.26"]
[Round "?"]
[White "Sveinsson, Jon Arni"]
[Black "Price, Bob"]
[Result "1-0"]
[WhiteElo "2090"]
[BlackElo "2162"]
[PlyCount "87"]
[EventDate "2004.??.??"]
[EventType "tourn (corr)"]
[EventRounds "4"]
[SourceTitle "Corr 2008"]
[Source "ChessBase"]
[SourceDate "2008.06.24"]
[SourceVersion "1"]
[SourceVersionDate "2008.06.24"]
[SourceQuality "1"]

1. d4 Nf6 2. c4 e6 3. Nf3 b6 4. g3 Ba6 5. Nbd2 Bb4 6. Qa4 c5 7. a3 Bxd2+ 8. Bxd2 Bb7 9. dxc5 Ne4 10. Be3 Nxc5 11. Qd1 0-0 12. Bg2 d5 13. 0-0 Nbd7 14. b4 Ne4 15. Rc1 dxc4 16. Ng5 Ndf6 17. Qc2 Nd6 18. Bd4 g6 19. Bxb7 Nxb7 20. Qxc4 Nd6 21. Qa6 Nd5 22. Nf3 Nc7 23. Qd3 Ndb5 24. Rfd1 Nxd4 25. Nxd4 Nd5 26. Nc6 Qc7 27. b5 Rfe8 28. e4 Ne7 29. Qd7 Qxd7 30. Rxd7 Nxc6 31. bxc6 Red8 32. e5 Kf8 33. Rb7 Ke8 34. Rc3 Rdb8 35. Kg2 a6 36. Kf3 b5 37. Ke4 a5 38. f4 b4 39. axb4 axb4 40. Rc1 b3 41. Ra1 b2 42. Rxb2 Rc8 43. Rxa8 Rxa8 44. Kd4 1-0

[Event "IECG CB.2004.0.00119 email"]
[Site "IECG email"]
[Date "2004.08.03"]
[Round "?"]
[White "Sveinsson, Jon Arni"]
[Black "Pecotic, Kuzma"]
[Result "1/2-1/2"]
[WhiteElo "1966"]
[BlackElo "1894"]
[PlyCount "48"]
[EventDate "2004.03.24"]
[EventType "tourn (corr)"]
[EventRounds "6"]
[SourceTitle "Corr 2008"]
[Source "ChessBase"]
[SourceDate "2008.06.24"]
[SourceVersion "1"]
[SourceVersionDate "2008.06.24"]
[SourceQuality "1"]

1. d4 Nf6 2. c4 e6 3. Nf3 b6 4. e3 Bb7 5. Bd3 d5 6. cxd5 exd5 7. Nc3 Bd6 8. 0-0 0-0 9. Qc2 Re8 10. Bd2 a6 11. Rac1 Ne4 12. Qb3 Nd7 13. Rfd1 Ndf6 14. Be1 Qd7 15. Bf1 Re6 16. Qc2 Nxc3 17. Bxc3 Ne4 18. g3 Rf6 19. Ne5 Qe8 20. Nd3 Bc8 21. Bg2 Bg4 22. Re1 c6 23. a3 a5 24. Nf4 Ng5 1/2-1/2

[Event "IECG CB.2004.0.00119 email"]
[Site "IECG email"]
[Date "2004.08.03"]
[Round "?"]
[White "Sveinsson, Jon Arni"]
[Black "Vyzharov, Ivan"]
[Result "1/2-1/2"]
[WhiteElo "1966"]
[BlackElo "1980"]
[PlyCount "123"]
[EventDate "2004.03.24"]
[EventType "tourn (corr)"]
[EventRounds "6"]
[SourceTitle "Corr 2008"]
[Source "ChessBase"]
[SourceDate "2008.06.24"]
[SourceVersion "1"]
[SourceVersionDate "2008.06.24"]
[SourceQuality "1"]

1. d4 Nf6 2. c4 e6 3. Nf3 b6 4. e3 Be7 5. Nc3 d5 6. cxd5 exd5 7. Bd3 c5 8. Bb5+ Bd7 9. Be2 Bf5 10. 0-0 0-0 11. b3 Ne4 12. Bb2 Bf6 13. Rc1 Nc6 14. a3 Rc8 15. Ba6 Rc7 16. dxc5 Nxc5 17. Be2 Ne4 18. Bb5 a6 19. Bxc6 Bxc3 20. Bxc3 Rxc6 21. Ba1 Rxc1 22. Qxc1 Qd7 23. Qb2 f6 24. Nd4 Bg6 25. Rd1 Rc8 26. Qe2 b5 27. Bb2 Qe8 28. Qe1 Nc5 29. Qd2 Be4 30. Rc1 Nd3 31. Rc3 Ne5 32. f3 Rxc3 33. Bxc3 Bg6 34. Ne2 Nd3 35. Bd4 Qc8 36. g4 h6 37. h4 Be4 38. Kf1 Bxf3 39. Qxd3 Be4 40. Qc3 Qxg4 41. Nf4 Qd1+ 42. Kf2 Qf3+ 43. Ke1 Qh1+ 44. Kd2 Qh2+ 45. Kd1 Bf3+ 46. Kc1 Qxh4 47. a4 Qf2 48. Ne6 Be4 49. axb5 axb5 50. Qc7 Qg1+ 51. Kb2 b4 52. Qb8+ Kf7 53. Nd8+ Ke8 54. Nc6+ Kf7 55. Nxb4 h5 56. Qh8 Qh1 57. Ka3 h4 58. Qh5+ Bg6 59. Qg4 Be4 60. Qd7+ Kg6 61. Nc6 h3 62. Qg4+ 1/2-1/2

[Event "SEMI Danvers theme (A) email"]
[Site "SEMI email"]
[Date "2004.07.20"]
[Round "?"]
[White "Sveinsson, Jon Arni"]
[Black "Dould, John"]
[Result "1/2-1/2"]
[WhiteElo "2015"]
[BlackElo "1960"]
[PlyCount "62"]
[EventDate "2004.07.20"]
[EventType "tourn (corr)"]
[EventRounds "6"]
[EventCountry "ITA"]
[SourceTitle "Corr 2008"]
[Source "ChessBase"]
[SourceDate "2008.06.24"]
[SourceVersion "1"]
[SourceVersionDate "2008.06.24"]
[SourceQuality "1"]

1. e4 e5 2. Qh5 Nc6 3. Bc4 g6 4. Qf3 Nf6 5. Ne2 Na5 6. Bd3 Bg7 7. Nbc3 d6 8. 0-0 Be6 9. b3 0-0 10. Rb1 a6 11. a4 Nc6 12. Bc4 Nd4 13. Qd3 Nd7 14. Ba3 Rb8 15. a5 Nc6 16. b4 h6 17. Bd5 Bxd5 18. Nxd5 Ne7 19. Nec3 Nxd5 20. Nxd5 f5 21. exf5 gxf5 22. Qc4 c6 23. Nf6+ Kh8 24. Nh5 d5 25. Qc3 Qg5 26. Nxg7 Qxg7 27. f4 e4 28. Qh3 Kh7 29. Bb2 Qg6 30. Bd4 Qg4 31. Qc3 Rg8 1/2-1/2

[Event "CFriend SI-2004-0-00022 email"]
[Site "Chessfriend.com"]
[Date "2004.07.08"]
[Round "1"]
[White "Sveinsson, Jon Arni"]
[Black "Kovacevic, Antonijo"]
[Result "1/2-1/2"]
[WhiteElo "1938"]
[BlackElo "2288"]
[PlyCount "86"]
[EventDate "2004.??.??"]
[EventType "tourn (corr)"]
[EventRounds "12"]
[SourceTitle "Corr 2008"]
[Source "ChessBase"]
[SourceDate "2008.06.24"]
[SourceVersion "1"]
[SourceVersionDate "2008.06.24"]
[SourceQuality "1"]

1. d4 Nf6 2. c4 g6 3. Nc3 Bg7 4. e4 d6 5. Nf3 0-0 6. Be2 e5 7. Be3 Ng4 8. Bg5 f6 9. Bh4 Nc6 10. d5 Ne7 11. 0-0 Nh6 12. Qd3 Nf7 13. Nd2 h5 14. f3 f5 15. exf5 Bxf5 16. Nde4 g5 17. Bf2 Ng6 18. g3 h4 19. c5 Ne7 20. Rac1 a6 21. Qc4 hxg3 22. hxg3 b5 23. cxb6 cxb6 24. a4 Bh3 25. Rfe1 Bc8 26. Qb4 Rb8 27. Kg2 Nf5 28. Bd3 g4 29. fxg4 Nd4 30. Ne2 Bxg4 31. Bxd4 exd4 32. Nxd4 a5 33. Qd2 Bxd4 34. Be2 Bxe2 35. Qxd4 Bf3+ 36. Kxf3 Ne5+ 37. Kg2 Nf3 38. Qe3 Nxe1+ 39. Rxe1 Rc8 40. Re2 Rc7 41. Qh6 Qe7 42. Qg6+ Kh8 43. Qh6+ Kg8 1/2-1/2

[Event "IECG TE.2002.P.01105 email"]
[Site "IECG email"]
[Date "2003.12.30"]
[Round "?"]
[White "Sveinsson, Jon Arni"]
[Black "Nobre, Jose Adalberto Barb"]
[Result "1-0"]
[WhiteElo "1887"]
[BlackElo "1600"]
[PlyCount "23"]
[EventDate "2002.12.30"]
[EventType "tourn (corr)"]
[EventRounds "12"]
[SourceTitle "Corr 2008"]
[Source "ChessBase"]
[SourceDate "2008.06.24"]
[SourceVersion "1"]
[SourceVersionDate "2008.06.24"]
[SourceQuality "1"]

1. d4 Nf6 2. c4 c5 3. d5 e6 4. Nc3 Be7 5. d6 Bf8 6. e4 g6 7. e5 Ng8 8. Nf3 Bg7 9. Bd3 Nc6 10. Nb5 Nh6 11. Nc7+ Kf8 12. Bg5 1-0

[Event "IECG CP.2003.P.00030 email"]
[Site "IECG email"]
[Date "2003.10.01"]
[Round "?"]
[White "Werbrouck, Jean Michel"]
[Black "Sveinsson, Jon Arni"]
[Result "0-1"]
[WhiteElo "1607"]
[BlackElo "1942"]
[PlyCount "74"]
[EventDate "2003.10.01"]
[EventType "tourn (corr)"]
[EventRounds "6"]
[EventCountry "ITA"]
[SourceTitle "Corr 2008"]
[Source "ChessBase"]
[SourceDate "2008.06.24"]
[SourceVersion "1"]
[SourceVersionDate "2008.06.24"]
[SourceQuality "1"]

1. e4 c5 2. Nf3 d6 3. d4 cxd4 4. Nxd4 Nf6 5. Nc3 a6 6. g3 e6 7. Bg2 Be7 8. 0-0 Qc7 9. Be3 Nc6 10. Nxc6 bxc6 11. f4 0-0 12. Qf3 Rb8 13. Rab1 e5 14. fxe5 dxe5 15. h3 Be6 16. Bg5 Qc8 17. g4 Qc7 18. a3 Bc5+ 19. Kh1 Nd7 20. Be3 Bd4 21. Bxd4 exd4 22. Ne2 c5 23. b3 Ne5 24. Qf4 a5 25. a4 Bc8 26. Nc1 Ba6 27. Rd1 Qe7 28. Nd3 Bxd3 29. cxd3 Rb6 30. Qd2 Rh6 31. Qf4 Rb8 32. Kg1 Rhb6 33. Qd2 Rxb3 34. Rxb3 Rxb3 35. Qxa5 g6 36. Bf1 Nf3+ 37. Kg2 Rb2+ 0-1

[Event "CFriend AH-2003-0-00005 email"]
[Site "Chessfriend.com"]
[Date "2003.09.19"]
[Round "1"]
[White "Steenbekkers, Franck"]
[Black "Sveinsson, Jon Arni"]
[Result "1-0"]
[WhiteElo "2198"]
[BlackElo "1936"]
[PlyCount "55"]
[EventDate "2003.??.??"]
[EventType "tourn (corr)"]
[EventRounds "12"]
[SourceTitle "Corr 2008"]
[Source "ChessBase"]
[SourceDate "2008.06.24"]
[SourceVersion "1"]
[SourceVersionDate "2008.06.24"]
[SourceQuality "1"]

1. e4 c5 2. Nf3 d6 3. d4 cxd4 4. Nxd4 Nf6 5. Nc3 a6 6. Bg5 e6 7. f4 Be7 8. Qf3 Qc7 9. 0-0-0 Nbd7 10. g4 b5 11. Bxf6 Nxf6 12. g5 Nd7 13. f5 Bxg5+ 14. Kb1 Ne5 15. Qh5 Qd8 16. h4 b4 17. hxg5 bxc3 18. Nxe6 Bxe6 19. fxe6 g6 20. exf7+ Nxf7 21. Qh3 cxb2 22. Bc4 Ne5 23. Rhf1 Qe7 24. Bb3 Rf8 25. Ba4+ Kd8 26. Rxf8+ Qxf8 27. Qc3 Qe7 28. Qc5 1-0

[Event "CFriend AH-2003-0-00005 email"]
[Site "Chessfriend.com"]
[Date "2003.09.19"]
[Round "1"]
[White "Sveinsson, Jon Arni"]
[Black "Daus, Peter"]
[Result "1/2-1/2"]
[WhiteElo "1936"]
[BlackElo "2027"]
[PlyCount "50"]
[EventDate "2003.??.??"]
[EventType "tourn (corr)"]
[EventRounds "12"]
[SourceTitle "Corr 2008"]
[Source "ChessBase"]
[SourceDate "2008.06.24"]
[SourceVersion "1"]
[SourceVersionDate "2008.06.24"]
[SourceQuality "1"]

1. d4 d5 2. c4 e6 3. Nc3 c6 4. e4 dxe4 5. Nxe4 Bb4+ 6. Bd2 Qxd4 7. Bxb4 Qxe4+ 8. Be2 Na6 9. Ba5 f6 10. Nf3 b6 11. Nd2 Qf5 12. Bc3 Ne7 13. Bg4 Qd3 14. Be2 Qf5 15. Bh5+ Ng6 16. 0-0 0-0 17. Bf3 Bd7 18. Be4 Qf4 19. g3 Qc7 20. f4 f5 21. Bg2 e5 22. fxe5 Nxe5 23. Nf3 Nxf3+ 24. Qxf3 Nc5 25. Bb4 Qe5 1/2-1/2

[Event "CFriend AH-2003-0-00005 email"]
[Site "Chessfriend.com"]
[Date "2003.09.19"]
[Round "1"]
[White "Sveinsson, Jon Arni"]
[Black "Munoz, Lazaro"]
[Result "1-0"]
[WhiteElo "1913"]
[BlackElo "1716"]
[PlyCount "55"]
[EventDate "2003.??.??"]
[EventType "tourn (corr)"]
[EventRounds "12"]
[SourceTitle "Corr 2008"]
[Source "ChessBase"]
[SourceDate "2008.06.24"]
[SourceVersion "1"]
[SourceVersionDate "2008.06.24"]
[SourceQuality "1"]

1. d4 Nf6 2. c4 g6 3. Nc3 d5 4. cxd5 Nxd5 5. e4 Nxc3 6. bxc3 Bg7 7. Bc4 c5 8. Be3 Nc6 9. Ne2 0-0 10. 0-0 Bd7 11. Rb1 Na5 12. Bd3 Rc8 13. dxc5 Qc7 14. Nd4 a6 15. Qd2 e5 16. Nb3 Bc6 17. Qe2 Kh8 18. Qc2 Ba4 19. Rfd1 Rfd8 20. Qe2 Nxb3 21. axb3 Bd7 22. Bc4 f5 23. Bg5 Re8 24. Rd6 fxe4 25. Rbd1 Bc6 26. Qe3 Bf8 27. Qh3 h5 28. Rxg6 1-0

[Event "IECG TE.2003.P.01202 email"]
[Site "IECG email"]
[Date "2003.08.18"]
[Round "?"]
[White "Sveinsson, Jon Arni"]
[Black "Pott, Brian"]
[Result "1/2-1/2"]
[WhiteElo "1913"]
[BlackElo "1579"]
[PlyCount "43"]
[EventDate "2003.08.18"]
[EventType "tourn (corr)"]
[EventRounds "12"]
[SourceTitle "Corr 2008"]
[Source "ChessBase"]
[SourceDate "2008.06.24"]
[SourceVersion "1"]
[SourceVersionDate "2008.06.24"]
[SourceQuality "1"]

1. e4 d5 2. exd5 Qxd5 3. Nc3 Qd6 4. d4 Nf6 5. Bd3 Bg4 6. f3 Bh5 7. Nge2 a6 8. Bf4 Qd7 9. Ne4 Nxe4 10. Bxe4 f5 11. Bd3 Bf7 12. c3 Nc6 13. Qc2 g6 14. 0-0 Bg7 15. Rad1 0-0 16. Rfe1 Rfe8 17. b3 e5 18. dxe5 Qe7 19. Nd4 Nxe5 20. Bf1 Qf6 21. b4 a5 22. b5 1/2-1/2

[Event "CFriend AC-2003-Q-00010 email"]
[Site "Chessfriend.com"]
[Date "2003.07.01"]
[Round "?"]
[White "Mrugala, Arthur"]
[Black "Sveinsson, Jon Arni"]
[Result "1-0"]
[WhiteElo "2321"]
[BlackElo "1913"]
[PlyCount "85"]
[EventDate "2003.07.01"]
[EventType "tourn (corr)"]
[EventRounds "10"]
[SourceTitle "Corr 2008"]
[Source "ChessBase"]
[SourceDate "2008.06.24"]
[SourceVersion "1"]
[SourceVersionDate "2008.06.24"]
[SourceQuality "1"]

1. e4 c5 2. Nf3 d6 3. d4 cxd4 4. Nxd4 Nf6 5. Nc3 a6 6. Be2 e6 7. 0-0 Be7 8. f4 0-0 9. Be3 Qc7 10. g4 d5 11. exd5 Nxd5 12. Nxd5 exd5 13. Bf3 Bc5 14. c3 Nc6 15. Re1 Rd8 16. Nxc6 Bxe3+ 17. Rxe3 bxc6 18. Qd4 Bd7 19. Rae1 Re8 20. f5 Rxe3 21. Rxe3 Rb8 22. b3 Qd8 23. Qf4 Rb7 24. Kg2 g6 25. Qd6 Qf8 26. Qxf8+ Kxf8 27. f6 Be6 28. Kg3 h6 29. Kf4 Rb8 30. Ke5 Rd8 31. Kd4 Ke8 32. Kc5 Kd7 33. b4 Kc7 34. a4 a5 35. h3 g5 36. b5 cxb5 37. axb5 Kb7 38. c4 Rc8+ 39. Kd6 Rxc4 40. Rxe6 fxe6 41. Kxe6 Kb6 42. Bxd5 Rf4 43. Ke7 1-0

[Event "CFriend AC-2003-Q-00010 email"]
[Site "Chessfriend.com"]
[Date "2003.07.01"]
[Round "?"]
[White "Sveinsson, Jon Arni"]
[Black "Golod, Vitali"]
[Result "1/2-1/2"]
[WhiteElo "1913"]
[BlackElo "2538"]
[PlyCount "86"]
[EventDate "2003.07.01"]
[EventType "tourn (corr)"]
[EventRounds "10"]
[SourceTitle "Corr 2008"]
[Source "ChessBase"]
[SourceDate "2008.06.24"]
[SourceVersion "1"]
[SourceVersionDate "2008.06.24"]
[SourceQuality "1"]

1. d4 Nf6 2. c4 g6 3. Nc3 d5 4. cxd5 Nxd5 5. e4 Nxc3 6. bxc3 Bg7 7. Bc4 c5 8. Be3 Nc6 9. Ne2 0-0 10. 0-0 Bd7 11. Rb1 a6 12. dxc5 Na5 13. Bd3 Qc7 14. Qc2 Rfc8 15. f4 e6 16. f5 Bf8 17. Nd4 Qxc5 18. Qf2 Qe7 19. fxg6 fxg6 20. c4 Nxc4 21. Bxc4 Rxc4 22. Rxb7 Bg7 23. Nf3 Rac8 24. Qe2 Qe8 25. Ng5 Bb5 26. Qg4 R4c6 27. Rd1 Ba4 28. Rdb1 Bb5 29. Rf7 Rd8 30. h4 Rd3 31. a4 Rxe3 32. axb5 axb5 33. Rb7 Bd4 34. Kh1 Qc8 35. R7xb5 Rc1+ 36. Rxc1 Qxc1+ 37. Kh2 Qg1+ 38. Kxg1 Rxe4+ 39. Kh2 Rxg4 40. Kh3 h5 41. Rb4 e5 42. Rb8+ Kg7 43. Rb7+ Kg8 1/2-1/2

[Event "CFriend AC-2003-Q-00010 email"]
[Site "Chessfriend.com"]
[Date "2003.07.01"]
[Round "?"]
[White "Sveinsson, Jon Arni"]
[Black "Nowak, Zdzislaw"]
[Result "1/2-1/2"]
[WhiteElo "1913"]
[BlackElo "2417"]
[PlyCount "113"]
[EventDate "2003.07.01"]
[EventType "tourn (corr)"]
[EventRounds "10"]
[SourceTitle "Corr 2008"]
[Source "ChessBase"]
[SourceDate "2008.06.24"]
[SourceVersion "1"]
[SourceVersionDate "2008.06.24"]
[SourceQuality "1"]

1. d4 d5 2. c4 e6 3. Nc3 c6 4. e4 dxe4 5. Nxe4 Bb4+ 6. Bd2 Qxd4 7. Bxb4 Qxe4+ 8. Be2 Ne7 9. Qd2 Ng6 10. 0-0-0 Qf4 11. Bd6 Qxd2+ 12. Rxd2 e5 13. Bd3 f6 14. Ne2 Kf7 15. h4 Be6 16. h5 Ne7 17. f4 Nd7 18. fxe5 Nf5 19. Bxf5 Bxf5 20. Nd4 Bg4 21. Rf2 Rhe8 22. Re1 Rad8 23. Rf4 Be6 24. c5 Bd5 25. g4 h6 26. Re2 Ra8 27. a3 Be6 28. Kd2 Rac8 29. Kc3 a5 30. b3 b6 31. exf6 gxf6 32. Rxe6 Rxe6 33. Nxe6 Kxe6 34. Re4+ Kd5 35. Rd4+ Ke6 36. cxb6 Nxb6 37. Bg3 Rg8 38. Be1 c5 39. Re4+ Kd5 40. Rf4 Ke5 41. Rf5+ Ke4 42. Rxc5 Rxg4 43. Rxa5 Nd5+ 44. Kc4 Ne3+ 45. Kc5 Kd3 46. a4 Ke2 47. Bc3 f5 48. Ra8 f4 49. Rd8 f3 50. Rd2+ Kf1 51. a5 f2 52. a6 Kg1 53. Rxf2 Kxf2 54. a7 Rg8 55. Be5 Ra8 56. Kb6 Kf3 57. Kb7 1/2-1/2